| 000 | 01002nam a2200301 i 4500 | ||
|---|---|---|---|
| 001 | bg | ||
| 003 | BPK | ||
| 005 | 20200103080408.0 | ||
| 008 | 990707s1999 pl a f f |000 0 pol | ||
| 015 | _aPB 1999/9900 | ||
| 020 | _a8385718397 | ||
| 040 |
_aWA N _cBPK |
||
| 080 | _a621.791/.795 | ||
| 080 | _a678 | ||
| 080 | _a(075.8) | ||
| 100 | 1 |
_aKlimpel, Andrzej _eAutor |
|
| 245 | 1 | 0 |
_aTechnologie zgrzewania metali i tworzyw termoplastycznych / _cAndrzej Klimpel. |
| 260 |
_aGliwice : _bWydaw. Politechniki Śląskiej, _c1999. |
||
| 300 |
_a478, [1] s. : _bfot. (w tym kolor.), rys., wykr. ; _c24 cm. |
||
| 504 | _aBibliogr. przy rozdz. | ||
| 521 | 8 | _aPodręcznik akademicki. | |
| 655 | 4 | _aPodręczniki akademickie | |
| 650 | 4 | _aTermoplasty | |
| 650 | 4 | _aZgrzewanie | |
| 710 | 2 |
_aPolitechnika Śląska (Gliwice) _bWydawnictwo _4pbl. |
|
| 942 |
_2UKD _cKS |
||
| 856 |
_uhttp://koha.tu.koszalin.pl/cgi-bin/koha/opac-detail.pl?biblionumber=46350 _yKatalog online BPK |
||
| 999 |
_c46350 _d46350 |
||